000 00528nam a2200193Ia 4500
005 20250326141615.0
008 250326s9999 xx 000 0 und d
037 _aTextbook
040 _aFMSL
_beng
_cFMSL
041 _aeng
_2eng
084 _qFMSL
100 _aIndia Govt OF ....
245 0 _aPublic enterprises survey 1989-90
_cIndia Govt OF ....
260 _aNew Delhi
_bNew Delhi, Department of Public Enterprices
_c1990
300 _a721p
490 _vvOL. III
942 _cTB
999 _c1291117
_d1291117